| 000 | 00614nam a2200217Ia 4500 | ||
|---|---|---|---|
| 003 | OSt | ||
| 005 | 20240913113346.0 | ||
| 008 | 220927b |||||||| |||| 00| 0 eng d | ||
| 020 | _a9027704864 | ||
| 037 | _cTextual | ||
| 040 |
_aSDCL _cSDCL _beng |
||
| 041 |
_2eng _aeng |
||
| 082 | _aY:f L1 | ||
| 100 |
_aNowak, Stefan _9469134 |
||
| 245 | 0 |
_aMethodology of sociological research : _bGeneral Problems / |
|
| 260 |
_aDordrecht : _bD. Reidel Publishing, _c1971. |
||
| 300 | _axvii,504p. | ||
| 490 | _aSynthese Library | ||
| 942 |
_hY:f L1 _cTEXL _2CC |
||
| 999 |
_c781825 _d781825 |
||